Dryden's criticism / (Record no. 130530)

MARC details
000 -LEADER
fixed length control field 00677nam a22002297a 4500
005 - DATE AND TIME OF LATEST TRANSACTION
control field 20170124110113.0
010 ## - LIBRARY OF CONGRESS CONTROL NUMBER
LC control number 623389
020 ## - INTERNATIONAL STANDARD BOOK NUMBER
Terms of availability 00.00
International Standard Book Number 0801405858
035 ## - SYSTEM CONTROL NUMBER
System control number 623389
037 ## - SOURCE OF ACQUISITION
Source of stock number/acquisition Cen Lib/Ret
040 ## - CATALOGING SOURCE
Original cataloging agency DPL
Language of cataloging EN
082 ## - DEWEY DECIMAL CLASSIFICATION NUMBER
Classification number 880.8
Item number HUM
100 ## - MAIN ENTRY--PERSONAL NAME
Personal name Hume, Robert D.
9 (RLIN) 29439
245 ## - TITLE STATEMENT
Title Dryden's criticism /
Statement of responsibility, etc by Robert D. Hume
260 ## - PUBLICATION, DISTRIBUTION, ETC. (IMPRINT)
Name of publisher, distributor, etc Cornell University Press
Place of publication, distribution, etc New York
Date of publication, distribution, etc 1970
270 ## - ADDRESS
City New York
Address 124 roberts place, ithaca
Postal code 1485
300 ## - PHYSICAL DESCRIPTION
Extent xvi, 236p.
Dimensions 19cm(Hb)
500 ## - GENERAL NOTE
General note Includes index
650 ## - SUBJECT ADDED ENTRY--TOPICAL TERM
Topical term or geographic name as entry element English literature
9 (RLIN) 29440
650 ## - SUBJECT ADDED ENTRY--TOPICAL TERM
Topical term or geographic name as entry element History
General subdivision English critism
9 (RLIN) 29441
942 ## - ADDED ENTRY ELEMENTS (KOHA)
Source of classification or shelving scheme Dewey Decimal Classification
Koha item type English Books
Classification part 880.8
Call number suffix HUM
Holdings
Withdrawn status Lost status Damaged status Not for loan Home library Current library Date acquired Source of acquisition Cost, normal purchase price Total Checkouts Full call number Barcode Date last seen Copy number Cost, replacement price Price effective from Koha item type Public note
Written off       Central Library Central Library 09/07/2015 Cen Lib/Ret 0.00   880.8 HUM 623389 09/07/2015 1 0.00 09/07/2015 English Books W/d List 8138/5; dtd 21/2/17

© Delhi Public Library
Hit Counter
free hit counter